000 00714nam a2200205 a 4500
008 120228s2006 ||||||||||||||||| || u
020 _a9780443102882
050 _aRS 57 Gat
100 _aN. Philips
245 1 0 _aNursing calculations. -- 7th ed.
_cby J. D. Gatford and N. Philips
250 _a7th ed.
260 _aLondon:
_bElsevier
_c2006
300 _aix, 142p.: ill.
350 _a0.00
500 _aIncludes Index
650 _aPHARMACEUTICAL ARITHMETIC
650 _aNURSING MATHEMATICS
700 _aGatford, J. D
995 _aMEDICAL LIBRARY OPEN ACCESS
_e901775
_FCBU-SCHOOL OF MEDICINE LIBRARY (Ndola)
_I0.00
_jRS 57 Gat
_M1
_UAVAILABLE
_WJul 19, 2012
_y901775
_ZMedical Library Open Access Collection
999 _c32198
_d32198